| 000 | 01005nam a2200277Ia 4500 | ||
|---|---|---|---|
| 003 | GCL | ||
| 008 | 140319s9999 xx 000 0 ara d | ||
| 040 |
_aGCL / _cGCL |
||
| 082 | 0 | 4 |
_a964.08 _bا م |
| 100 | 1 | _aالبير عياش | |
| 245 | 1 | 0 |
_aالمغرب والاستعمار حصيلة السيطرة الفرنسية / _cالبير عياش |
| 700 | 1 | _aعبدالقادر الشاوى | |
| 700 | 1 | _aنورالدين سعودى | |
| 700 | 1 | _aادريس بن سعيد | |
| 700 | 1 | _aعبدالاحد السبتى | |
| 250 | _aالاولى | ||
| 260 |
_aالمغرب : _bدار الخطابى ، _c1985 |
||
| 300 |
_a422 ص ؛ _c19 سم |
||
| 490 |
_aسلسلة معرفة الممارسة _v0 |
||
| 650 | 0 | 4 | _aالمغرب - تاريخ |
| 650 | 0 | 4 | _aالمغرب - حضارة |
| 650 | 0 | 4 | _aالمغرب - الاحوال الاقتصادية |
| 650 | 0 | 4 | _aالمغرب - البيئة الجغرافية |
| 650 | 0 | 4 | _aالمغرب - الاستعمار الفرنسى |
| 942 |
_2ddc _cBK |
||
| 999 |
_c35826 _d35826 |
||